[Event "23rd Hogeschool Zeeland Open 2019"]
[Site "Vlissingen"]
[Date "2019.08.09"]
[Round "8.1"]
[White "Kamsky, Gata"]
[Black "Romanishin, Oleg M"]
[Result "1-0"]
[WhiteElo "2673"]
[BlackElo "2443"]
[Annotator "TA"]
[PlyCount "91"]
[EventDate "2019.08.03"]
[EventType "swiss"]
[EventCountry "NED"]
[SourceTitle "playchess.com"]
[Source "ChessBase"]
[SourceQuality "1"]

{[%evp 12,91,0,0,28,23,38,32,25,39,37,31,14,14,19,18,41,39,47,47,47,39,54,44,38,37,39,37,55,52,59,35,30,39,39,34,36,12,113,113,125,109,141,90,88,40,38,30,119,129,121,115,115,113,126,67,67,25,154,147,197,173,241,240,215,213,387,382,397,412,357,187,437,389,986,970,942,865,839,787,779,744]} 1. d4 Nf6 2. Nf3 e6 3. Bf4 c5 4. e3 d5 5. c3 Nc6 6. Nbd2 Bd6 7. Bg3 Bxg3 {D02: 1 d4 d5 2 Nf3 sidelines, including 2...Nf6 3 g3 and 2...Nf6 3 Bf4} (7... O-O 8. Bb5 cxd4 9. exd4 Ne7 10. Bd3 Ng6 11. O-O Bxg3 12. fxg3 b5 13. Qe2 Qb6 14. Ng5 b4 15. Ndf3 h6 {½-½ (34) Naroditsky,D (2616)-Mamedyarov,S (2817) chess.com INT 2019}) 8. hxg3 Qe7 9. Ne5 Nxe5 {White is slightly better.} 10. dxe5 Nd7 11. Bb5 a6 $146 ({Predecessor:} 11... h6 12. Qg4 Qf8 13. O-O-O a6 14. Qa4 Qe7 15. g4 {0-1 (36) Matt,F (2248)-Rieger,R (2124) Aschach 2012}) 12. Bxd7+ Bxd7 13. Qg4 f5 14. exf6 Qxf6 15. Nf3 O-O-O 16. Qf4 Qe7 17. g4 Rhf8 18. Qg3 h6 19. Ne5 {aiming for Ng6!} Qf6 20. b4 Be8 21. bxc5 Rf7 22. O-O $40 {[%mdl 128] Black needs to defend precisely.} Rc7 23. c6 Bxc6 24. c4 h5 (24... dxc4 $11 {remains equal.} 25. Nxc4 Bb5 26. Nd6+ {[#]} (26. Nb6+ Kb8 $11) 26... Rxd6 $1 {[%mdl 512]} 27. Qxd6 Bxf1 28. Rxf1 Rc6) 25. gxh5 $16 Rh8 26. cxd5 exd5 27. Qg4+ (27. Qh3+ $142 Kb8 28. f4 (28. Nxc6+ Rxc6 29. Rac1 Rc4 $16)) 27... Kb8 28. Nxc6+ (28. Ng6 {feels hotter.} Bd7 29. Qd1 Rd8 30. Rc1 Rxc1 31. Qxc1 Bg4 32. Nf4) 28... Rxc6 29. Rac1 Rc4 (29... Re6 $11) 30. Rxc4 dxc4 31. Qxc4 Rxh5 {[%mdl 4096] Endgame KQR-KQR} 32. Rd1 Rb5 33. e4 (33. Rd2 $16) 33... Rb2 $14 34. Qc5 {Strongly threatening e5.} Rb5 (34... Re2 $1 $11) 35. Qe3 $16 a5 36. g3 Qb6 (36... b6 $142 37. a4 Rc5) 37. Qf4+ $18 Ka7 38. Rd6 Rb1+ $2 {[#]} (38... Qc5 39. Kg2 g5) 39. Kg2 ({Not} 39. Kh2 Qb5 $18) 39... Qb5 40. Qe3+ b6 {intending ...Qh5.} 41. Qd3 (41. Qc3 $142 {And now Qc7+ would win.} Qf1+ 42. Kf3 Qh1+ 43. Kf4 Qc1+ 44. Qxc1 Rxc1 45. Rd7+ Kb8 46. Rxg7) 41... Ka6 $2 (41... Qxd3 42. Rxd3 Rb2) 42. e5 a4 $2 (42... Qxd3 43. Rxd3 Kb7) 43. Qc2 {White is clearly winning.} Qf1+ 44. Kf3 Qh1+ 45. Kg4 Rb4+ 46. f4 {Accuracy: White = 65%, Black = 30%.} 1-0

[Event "23rd Hogeschool Zeeland Open 2019"]
[Site "Vlissingen"]
[Date "2019.08.09"]
[Round "8.2"]
[White "Werle, Jan"]
[Black "Van Wely, Loek"]
[Result "1/2-1/2"]
[WhiteElo "2555"]
[BlackElo "2616"]
[Annotator "TA"]
[PlyCount "25"]
[EventDate "2019.08.03"]
[EventType "swiss"]
[EventCountry "NED"]
[SourceTitle "playchess.com"]
[Source "ChessBase"]
[SourceQuality "1"]

{[%evp 9,25,0,9,5,9,9,0,0,5,0,13,0,0,0,14,0,0,0]} 1. d4 Nf6 2. c4 g6 3. Nc3 d5 4. Nf3 Bg7 5. h4 c6 {The position is equal.} 6. cxd5 {D90: Grünfeld: 4 Nf3 Bg7 sidelines} cxd5 7. Bf4 Nc6 8. e3 O-O 9. Qb3 Na5 10. Qb4 Nc6 11. Qb3 Na5 12. Qb4 $146 ({Predecessor:} 12. Qa3 Nc6 {½-½ (34) Swiercz,D (2655)-Nepomniachtchi,I (2771) Astana 2019}) 12... Nc6 13. Qb3 1/2-1/2

[Event "23rd Hogeschool Zeeland Open 2019"]
[Site "Vlissingen"]
[Date "2019.08.09"]
[Round "8.3"]
[White "L'Ami, Erwin"]
[Black "Zwirs, Nico"]
[Result "0-1"]
[WhiteElo "2633"]
[BlackElo "2380"]
[Annotator "TA"]
[PlyCount "68"]
[EventDate "2019.08.03"]
[EventType "swiss"]
[EventCountry "NED"]
[SourceTitle "playchess.com"]
[Source "ChessBase"]
[SourceQuality "1"]

{[%evp 9,124,20,12,6,25,16,29,0,34,14,9,11,37,0,31,0,0,0,15,-33,-40,-37,-24,-39,0,-25,-36,-52,-10,-12,0,-100,-102,-99,-94,-97,-97,-100,-106,-94,-87,-88,-101,-88,-83,-120,-116,-97,-10,-127,-125,-161,-159,-266,-266,-273,-266,-289,-291,-306,-266,-266,-245,-266,-266,-266,-266,-266,-266,-344,-337,-320,-212,-371,-371,-370,-357,-421,-389,-813,-577,-577,-577,-577,-577,-910,-865,-900,-903,-881,-889,-868,-852,-1068,-897,-1714,-1791,-1776,-1758,-1564,-1626,-1287,-623,-2237,-1819,-29961,-29959,-29960,-11430,-29965,-29966,-29972,-29972,-29968,-29971,-29977,-29979]} 1. d4 d5 2. c4 e6 3. Nf3 Nf6 4. g3 dxc4 5. Bg2 c6 6. a4 {E04: Open Catalan: 5 Nf3} (6. Ne5 Bb4+ 7. Bd2 Be7 8. e3 b5 9. Nxc6 Nxc6 10. Bxc6+ Bd7 11. Bxa8 Qxa8 12. f3 e5 13. dxe5 Ng4 14. O-O Nxe5 {½-½ (27) Vidit,S (2711)-Vitiugov,N (2726) Prague 2019}) 6... Bb4+ 7. Bd2 a5 8. Qc2 {White has an edge.} O-O 9. Bxb4 axb4 10. Qxc4 Qa5 11. b3 $146 ({Predecessor:} 11. O-O b5 12. Qc2 bxa4 13. Nbd2 Nbd7 {½-½ (36) Forsloef,L (2471)-Korabliov,A (2458) ICCF email 2016}) 11... b6 12. O-O Ba6 13. Qc2 Nbd7 14. Rc1 Rac8 15. Qd1 Rfd8 16. Qe1 e5 17. Ra2 e4 $36 {[%mdl 2048] Black is pushing.} 18. Nfd2 Re8 19. e3 c5 20. Nc4 (20. Rac2 $11 {keeps the balance.}) 20... Bxc4 $1 $17 21. bxc4 {[#]} b5 $1 {[%mdl 512]} 22. cxb5 (22. axb5 Qxa2) 22... c4 23. Rac2 c3 ({Worse is} 23... Qxa4 24. Rxc4 Rxc4 25. Rxc4 $16) 24. Nxc3 bxc3 25. Rxc3 Rxc3 26. Qxc3 Qxa4 27. Qc6 Qa7 28. Bh3 h5 ({Black should try} 28... Nb6 $17) 29. Kg2 (29. Qa6 $11 {remains equal.} Qb8 30. Rc6) 29... Rb8 30. Bf5 Qb7 31. Qd6 (31. h3 $17) 31... Qxb5 $19 32. Bxd7 Nxd7 33. Rc7 Nf6 {Hoping for ...Ne8!} 34. Rc5 Qb1 {Played: Qb5-b2} 0-1

[Event "23rd Hogeschool Zeeland Open 2019"]
[Site "Vlissingen"]
[Date "2019.08.09"]
[Round "8.4"]
[White "De Jong, Migchiel"]
[Black "Ikonnikov, Vyacheslav"]
[Result "1/2-1/2"]
[WhiteElo "2345"]
[BlackElo "2499"]
[Annotator "ChessBase"]
[PlyCount "49"]
[EventDate "2019.08.03"]
[EventType "swiss"]
[EventCountry "NED"]
[SourceTitle "playchess.com"]
[Source "ChessBase"]
[SourceQuality "1"]
[TimeControl "40/5400+30:1800+30"]

1. Nf3 {[%emt 0:00:00]} Nf6 {[%emt 0:00:00]} 2. c4 {[%emt 0:00:11]} e6 {[%emt 0:00:34]} 3. g3 {[%emt 0:00:22]} b6 {[%emt 0:00:42]} 4. Bg2 {[%emt 0:00:31]} Bb7 {[%emt 0:00:06]} 5. d4 {[%emt 0:00:58]} Bb4+ {[%emt 0:00:26]} 6. Bd2 {[%emt 0:00:23]} a5 {[%emt 0:00:13]} 7. O-O {[%emt 0:00:48]} O-O {[%emt 0:00:13]} 8. Nc3 {[%emt 0:01:25]} d6 {[%emt 0:03:15]} 9. b3 {[%emt 0:05:19]} Nbd7 {[%emt 0:05:00]} 10. a3 {[%emt 0:00:21]} Bxc3 {[%emt 0:01:47]} 11. Bxc3 {[%emt 0:00:09]} Qb8 {[%emt 0:00:27]} 12. Re1 {[%emt 0:04:38]} Re8 {[%emt 0:03:59]} 13. Qc2 {[%emt 0:02:07]} Be4 {[%emt 0:01:19]} 14. Qb2 {[%emt 0:00:39]} b5 {[%emt 0:01:26]} 15. cxb5 {[%emt 0:05:47]} Qxb5 {[%emt 0:03:43]} 16. a4 {[%emt 0:01:48]} Qb7 {[%emt 0:22:39]} 17. Qd2 {[%emt 0:09:28]} Qa7 {[%emt 0:06:56]} 18. Rec1 {[%emt 0:05:26]} Reb8 {[%emt 0:01:42]} 19. Qd1 {[%emt 0:01:01]} Nd5 {[%emt 0:06:21]} 20. Ne5 {[%emt 0:05:49]} Bxg2 {[%emt 0:05:24]} 21. Nxd7 {[%emt 0:00:23]} Rd8 {[%emt 0:02:00]} 22. Kxg2 {[%emt 0:00:20]} Rxd7 {[%emt 0:00:20]} 23. e4 {[%emt 0:00:48]} Ne7 {[%emt 0:00:55]} 24. d5 {[%emt 0:02:40]} e5 {[%emt 0:06:23]} 25. f4 {[%emt 0:06:36]} 1/2-1/2

[Event "23rd Hogeschool Zeeland Open 2019"]
[Site "Vlissingen"]
[Date "2019.08.09"]
[Round "8.5"]
[White "Harika, Dronavalli"]
[Black "Wunnink, Michael"]
[Result "1/2-1/2"]
[WhiteElo "2492"]
[BlackElo "2214"]
[Annotator "ChessBase"]
[PlyCount "39"]
[EventDate "2019.08.03"]
[EventType "swiss"]
[EventCountry "NED"]
[SourceTitle "playchess.com"]
[Source "ChessBase"]
[SourceQuality "1"]
[TimeControl "40/5400+30:1800+30"]

1. c4 {[%emt 0:00:00]} e6 {[%emt 0:00:01]} 2. Nc3 {[%emt 0:00:17]} d5 {[%emt 0:00:14]} 3. d4 {[%emt 0:00:15]} Be7 {[%emt 0:00:17]} 4. cxd5 {[%emt 0:00:42]} exd5 {[%emt 0:00:06]} 5. Bf4 {[%emt 0:00:07]} c6 {[%emt 0:00:31]} 6. e3 {[%emt 0:00:11]} Bd6 {[%emt 0:01:08]} 7. Bg3 {[%emt 0:10:13]} Ne7 {[%emt 0:02:02]} 8. Bd3 {[%emt 0:01:33]} Bf5 {[%emt 0:10:02]} 9. Nf3 {[%emt 0:00:50]} Bxd3 {[%emt 0:10:05]} 10. Qxd3 {[%emt 0:01:33]} Nc8 {[%emt 0:00:44]} 11. O-O-O {[%emt 0:18:32]} O-O {[%emt 0:05:32]} 12. e4 {[%emt 0:00:21]} Na6 {[%emt 0:24:07]} 13. a3 {[%emt 0:05:00]} Nb6 {[%emt 0:03:57]} 14. Bxd6 {[%emt 0:09:29]} Qxd6 {[%emt 0:00:11]} 15. e5 {[%emt 0:00:05]} Qh6+ {[%emt 0:04:44]} 16. Qd2 {[%emt 0:09:16]} Qg6 {[%emt 0:05:48]} 17. Qc2 {[%emt 0:04:59]} Qh6+ {[%emt 0:01:30]} 18. Qd2 {[%emt 0:01:12]} Qg6 {[%emt 0:00:16]} 19. Qc2 {[%emt 0:05:03]} Qh6+ {[%emt 0:00:17]} 20. Qd2 {[%emt 0:01:16]} 1/2-1/2

[Event "23rd Hogeschool Zeeland Open 2019"]
[Site "Vlissingen"]
[Date "2019.08.09"]
[Round "8.6"]
[White "Elgersma, Onno"]
[Black "Hausrath, Daniel"]
[Result "1/2-1/2"]
[WhiteElo "2232"]
[BlackElo "2468"]
[Annotator "TA"]
[PlyCount "85"]
[EventDate "2019.08.03"]
[EventType "swiss"]
[EventCountry "NED"]
[SourceTitle "playchess.com"]
[Source "ChessBase"]
[SourceQuality "1"]

{[%evp 11,85,38,37,25,28,31,52,36,51,41,51,14,44,47,37,18,42,10,47,0,-14,0,0,-7,-12,-22,16,16,16,17,16,10,14,19,49,35,44,-23,-18,-28,0,-34,-14,-59,-35,-48,-52,-48,-37,-27,0,0,3,18,12,0,0,-306,-286,-273,0,0,26,0,0,0,0,0,0,0,0,0,0,0,0,0]} 1. e4 c6 2. d4 d5 3. e5 Bf5 4. Nf3 e6 5. Be2 Nd7 6. O-O Bg6 7. Nbd2 {B12: Caro-Kann: Advance Variation} (7. c3 Nh6 8. a4 a5 9. Na3 Be7 10. Nc2 O-O 11. Nce1 c5 12. Bxh6 gxh6 13. Bb5 cxd4 14. cxd4 Nb8 15. Qd2 {0-1 (52) Yu,Y (2764)-Artemiev,V (2709) Caleta 2019}) 7... Nh6 8. Nb3 Be7 9. a4 {White is slightly better.} a5 10. Bd2 O-O 11. Rc1 Qb6 $146 ({Predecessor:} 11... c5 12. c4 dxc4 13. Rxc4 Nb6 14. Bxa5 Rxa5 15. Nxa5 Nxc4 16. Nxc4 {1-0 (27) Ortiz Suarez,I (2570)-Piorun,K (2638) Matanzas 2017}) 12. c4 dxc4 13. Bxc4 Bb4 14. Bg5 Qc7 15. Be2 (15. h4 $14) 15... Nf5 $11 16. Nh4 Nxh4 17. Bxh4 Rfe8 18. h3 Be7 19. Bxe7 Rxe7 20. Qd2 Qb6 21. Qe3 Ree8 22. f4 Rad8 23. g4 Be4 24. Nc5 (24. Bc4 $14 Bd5 25. Bxd5 exd5 26. Qc3) 24... Bd5 25. Nd3 f6 26. Rc3 Rf8 27. Rf2 fxe5 28. fxe5 Rxf2 29. Kxf2 Rf8+ 30. Kg3 h6 31. Nf4 Qxb2 {[#] Threatens to win with ...Nb6.} 32. Nxd5 cxd5 33. Rb3 Qa1 34. Rxb7 $2 {[%mdl 8192]} (34. Bd3 $1 $11) 34... Qe1+ 35. Kg2 {[#]} Rf7 $2 (35... Nxe5 $1 $19 {[%mdl 512] And now ...Ng6 would win.} 36. Rxg7+ (36. dxe5 $2 d4 $19) 36... Kxg7 37. Qxe5+ Rf6 38. Qc7+ Rf7 39. Qe5+ Kg8 40. Qxe6 Qf2+ 41. Kh1 Qxd4 42. Qg6+ Qg7) 36. Rc7 Qa1 37. Bb5 Nf8 {The position is equal.} 38. Rxf7 Kxf7 39. Qf2+ Ke7 40. Qh4+ Kf7 41. Qf2+ Ke7 42. Qc2 {White wants to mate with Qc7+.} Kf7 43. Qf2+ {Accuracy: White = 49%, Black = 49%.} 1/2-1/2

[Event "23rd Hogeschool Zeeland Open 2019"]
[Site "Vlissingen"]
[Date "2019.08.09"]
[Round "8.7"]
[White "Van Baar, Esper"]
[Black "Ortiz Suarez, Isan Reynaldo"]
[Result "0-1"]
[WhiteElo "2108"]
[BlackElo "2551"]
[Annotator "TA"]
[PlyCount "78"]
[EventDate "2019.08.03"]
[EventType "swiss"]
[EventCountry "NED"]
[SourceTitle "playchess.com"]
[Source "ChessBase"]
[SourceQuality "1"]

{[%evp 11,77,21,16,9,1,0,17,3,0,-28,-19,-34,-38,-31,-29,-31,-35,-64,-63,-54,-37,-58,-52,-93,-75,-75,-69,-95,-91,-107,-78,-162,-166,-171,-172,-141,-149,-143,-162,-151,-144,-135,-129,-139,-139,-143,-150,-117,-133,-224,-149,-246,-237,-352,-350,-341,-342,-331,-316,-2462,-2462,-1727,-1722,-29985,-29986,-29995,-29996,-29999]} 1. e4 c5 2. Nf3 d6 3. d4 cxd4 4. Nxd4 Nf6 5. Nc3 a6 6. Be3 e6 7. g3 {B80: Sicilian Scheveningen: 6 g3 and 6 Be3, including English Attack} (7. f3 h5 8. Be2 Qc7 9. O-O b5 10. Qd2 Nbd7 11. b4 d5 12. exd5 Bxb4 13. Ncxb5 axb5 14. Qxb4 Nxd5 15. Qd2 Nxe3 16. Qxe3 {½-½ (39) Vidit,S (2707)-Grandelius,N (2651) Malmo 2018}) 7... b5 8. Bg2 {And now e5! would win.} Bb7 9. a3 {The position is equal.} Nbd7 {[%cal Bb8d7,Bd7e5,Be5c4][%mdl 32]} 10. Nb3 Ne5 11. O-O Nc4 12. Bc1 $146 ({Predecessor:} 12. Qc1 Qc7 13. Re1 Rc8 14. Bd2 Be7 {0-1 (27) Jadali,K-Lara,A Graz 1972}) 12... Rc8 13. Nd4 Qc7 14. Nde2 Be7 15. b3 Nb6 16. Be3 O-O 17. h3 Rfd8 18. Qd4 Nfd7 19. Qd2 {[#]} d5 $1 {[%mdl 512]} 20. exd5 Nf6 {[%cal Rf6d5]} 21. Bf4 (21. Nf4 $17) 21... e5 $19 {[%cal Rb6d5]} 22. Bg5 Nbxd5 23. Nxd5 Nxd5 24. Bxe7 Nxe7 25. Qb4 Bxg2 26. Kxg2 Qb7+ 27. Kg1 Rxc2 28. Rad1 {[%cal Rd1d8]} Rdc8 29. Qd6 {Qd8+! would kill now.} Ng6 ({Weaker is} 29... Rxe2 {[#]} 30. Qd8+ $1 {[%mdl 512]} Rxd8 31. Rxd8#) 30. Rd2 (30. Qd3 $17) 30... h5 31. h4 (31. Rxc2 $17 {was called for.} Rxc2 32. Qd8+ Nf8 33. Qd3) 31... Qf3 $40 {[%mdl 128] Black goes for the king.} 32. Rxc2 (32. Rfd1 {was worth a try.}) 32... Rxc2 33. Nc1 e4 34. Qd8+ Kh7 {aiming for ...Nf4!} 35. Qd5 $2 {[#]} (35. Qd1 Qxd1 36. Rxd1) 35... Nxh4 $1 {[%mdl 512]} 36. gxh4 Qg4+ 37. Kh2 Rc3 {[%csl Gg4][%cal Rc3h3] Black mates.} 38. f3 Rc2+ 39. Kh1 Qg2# {Accuracy: White = 34%, Black = 84%.} 0-1

[Event "23rd Hogeschool Zeeland Open 2019"]
[Site "Vlissingen"]
[Date "2019.08.09"]
[Round "8.8"]
[White "Stillger, Bernhard"]
[Black "Leenhouts, Koen"]
[Result "1-0"]
[WhiteElo "2199"]
[BlackElo "2426"]
[Annotator "RC"]
[PlyCount "144"]
[EventDate "2019.08.03"]
[EventType "swiss"]
[EventCountry "NED"]
[SourceTitle "playchess.com"]
[Source "ChessBase"]
[SourceQuality "1"]
[TimeControl "40/5400+30:1800+30"]

1. Nf3 {[%emt 0:00:18]} Nf6 {[%emt 0:00:47]} 2. c4 {[%emt 0:00:09]} e6 {[%emt 0:00:10]} 3. g3 {[%emt 0:00:23]} d5 {[%emt 0:00:07]} 4. Bg2 {[%emt 0:00:08]} Be7 {[%emt 0:00:35]} 5. O-O {[%emt 0:00:17]} O-O {[%emt 0:00:09]} 6. b3 {[%emt 0:00:38]} Nbd7 {[%emt 0:02:28]} 7. d4 {[%emt 0:06:55]} c6 {[%emt 0:01:37]} 8. Qc2 {[%emt 0:04:05]} b6 {[%emt 0:01:16]} 9. Rd1 {[%emt 0:07:20]} Bb7 {[%emt 0:00:44]} 10. Nc3 {[%emt 0:00:22]} Rc8 {[%emt 0:02:28]} 11. e4 {[%emt 0:01:08]} c5 {[%emt 0:05:29]} 12. exd5 {[%emt 0:02:56]} exd5 {[%emt 0:00:09]} 13. Bb2 {[%emt 0:01:46]} dxc4 {[%emt 0:08:48]} 14. d5 {[%emt 0:01:34]} cxb3 {[%emt 0:17:41]} 15. axb3 {[%emt 0:00:33]} Ne8 {[%emt 0:00:10]} 16. Nb5 {[%emt 0:10:00]} a6 {[%emt 0:02:08]} 17. Na7 {[%emt 0:03:23]} Nd6 {[%emt 0:04:55]} 18. Nxc8 {[%emt 0:05:50]} Bxc8 {[%emt 0:00:02]} 19. Ne5 {[%emt 0:08:27]} Nxe5 {[%emt 0:00:27]} 20. Bxe5 {[%emt 0:00:18]} Bf6 {[%emt 0:00:10]} 21. Qb2 {[%emt 0:02:53]} Bxe5 {[%emt 0:00:57]} 22. Qxe5 {[%emt 0:00:03]} Re8 {[%emt 0:00:06]} 23. Qf4 {[%emt 0:01:35]} Nb5 {[%emt 0:08:28]} 24. Re1 {[%emt 0:07:32]} Rf8 {[%emt 0:10:23]} 25. b4 {[%emt 0:04:55]} g5 {[%emt 0:01:10]} 26. Qc4 {[%emt 0:02:00]} Nd6 {[%emt 0:00:16]} 27. Qb3 {[%emt 0:01:47]} cxb4 {[%emt 0:04:53]} 28. Qxb4 {[%emt 0:00:14]} a5 {[%emt 0:00:05]} 29. Qd4 {[%emt 0:02:42]} Bd7 {[%emt 0:08:21]} 30. Qe5 {[%emt 0:03:36]} Nc4 {[%emt 0:00:47]} 31. Qd4 {[%emt 0:01:57]} Nd6 {[%emt 0:01:11]} 32. Bf1 {[%emt 0:01:25]} b5 {[%emt 0:02:38]} 33. Qc5 {[%emt 0:04:21]} Be8 {[%emt 0:06:23]} 34. Bd3 {[%emt 0:02:01]} Qf6 {[%emt 0:00:50]} 35. Qe3 {[%emt 0:06:24]} a4 {[%emt 0:00:29]} 36. Qc5 {[%emt 0:01:50]} Bd7 {[%emt 0:00:48]} 37. Qc7 {[%emt 0:00:51]} Bh3 {[%emt 0:02:18]} 38. Qb6 {[%emt 0:01:59]} Kg7 {[%emt 0:00:02]} 39. Bf1 {[%emt 0:01:15]} Bxf1 {[%emt 0:01:39]} 40. Kxf1 {[%emt 0:00:28]} Rc8 {[%emt 0:00:54]} 41. Ra2 {[%emt 0:32:06]} h5 {[%emt 0:35:06]} 42. Qe3 {[%emt 0:00:00]} Rc3 {[%emt 0:00:00]} 43. Qe5 {[%emt 0:00:00]} Rd3 {[%emt 0:00:00]} 44. Qe2 {[%emt 0:00:00]} Rf3 {[%emt 0:00:00]} 45. Kg2 {[%emt 0:00:00]} g4 {[%emt 0:00:00]} 46. Qe5 {[%emt 0:00:00]} Rd3 {[%emt 0:00:00]} 47. Kg1 {[%emt 0:00:00]} Qxe5 {[%emt 0:00:00]} 48. Rxe5 {[%emt 0:00:00]} a3 {[%emt 0:00:00]} 49. Rxh5 {[%emt 0:00:00]} f5 {[%emt 0:00:00]} 50. Rg5+ {[%emt 0:00:30]} Kf7 {[%emt 0:00:00]} 51. Rh5 {[%emt 0:00:44]} b4 {[%emt 0:00:00]} 52. Rh7+ {[%emt 0:01:31]} Kf6 {[%emt 0:00:00]} 53. Re2 {[%emt 0:01:36]} Ne4 {[%emt 0:00:00]} 54. Ra7 {[%emt 0:02:03]} Rxd5 {[%emt 0:00:00]} 55. Kg2 {[%emt 0:00:23]} Rd3 {[%emt 0:00:38]} 56. h3 {[%emt 0:00:46]} gxh3+ {[%emt 0:01:18]} 57. Kxh3 {[%emt 0:00:10]} Rb3 {[%emt 0:01:13]} 58. Rc2 {[%emt 0:00:39]} Rc3 {[%emt 0:00:19]} 59. Re2 {[%emt 0:00:47]} Rc6 {[%emt 0:02:23]} 60. Rb7 {[%emt 0:01:09]} Nc3 {[%emt 0:02:00]} 61. Re8 {[%emt 0:00:02]} a2 {[%emt 0:00:54]} 62. Ra8 {[%emt 0:00:13]} Rc4 {[%emt 0:00:11]} 63. f4 {[%emt 0:00:41]} Ke6 {[%emt 0:00:26]} 64. Ra5 {[%emt 0:00:30]} Kd6 {[%emt 0:01:38]} 65. Kh4 {[%emt 0:00:46]} Kc6 {[%emt 0:00:25]} 66. Rb8 {[%emt 0:00:16]} Rd4 {[%emt 0:02:03]} 67. Kh5 {[%emt 0:00:51]} b3 {[%emt 0:01:04]} 68. Rxb3 {[%emt 0:00:15]} Na4 {[%emt 0:00:02]} 69. Ra3 {[%emt 0:00:16]} Nb6 {[%emt 0:00:22]} 70. Rxa2 {[%emt 0:00:07]} Rd3 {[%emt 0:00:09]} 71. Rc2+ {[%emt 0:00:27]} Kb7 {[%emt 0:00:06]} 72. Rb2 {[%emt 0:00:34]} Kc6 {[%emt 0:02:45]} 1-0

[Event "23rd Hogeschool Zeeland Open 2019"]
[Site "Vlissingen"]
[Date "2019.08.09"]
[Round "8.9"]
[White "Grochal, Joey"]
[Black "Zevenhuizen, Daniel"]
[Result "1-0"]
[WhiteElo "2313"]
[BlackElo "2152"]
[Annotator "ChessBase"]
[PlyCount "67"]
[EventDate "2019.08.03"]
[EventType "swiss"]
[EventCountry "NED"]
[SourceTitle "playchess.com"]
[Source "ChessBase"]
[SourceQuality "1"]
[TimeControl "40/5400+30:1800+30"]

1. d4 {[%emt 0:00:00]} g6 {[%emt 0:04:12]} 2. c4 {[%emt 0:00:00]} Bg7 {[%emt 0:01:40]} 3. Nf3 {[%emt 0:01:01]} c6 {[%emt 0:02:03]} 4. Nc3 {[%emt 0:01:10]} d5 {[%emt 0:00:25]} 5. cxd5 {[%emt 0:00:32]} cxd5 {[%emt 0:00:30]} 6. Bf4 {[%emt 0:00:21]} Nf6 {[%emt 0:01:59]} 7. e3 {[%emt 0:00:38]} O-O {[%emt 0:01:50]} 8. Qb3 {[%emt 0:04:25]} Nc6 {[%emt 0:04:20]} 9. Rc1 {[%emt 0:01:28]} Na5 {[%emt 0:16:35]} 10. Qb4 {[%emt 0:05:43]} Nc6 {[%emt 0:11:16]} 11. Qb3 {[%emt 0:07:06]} Na5 {[%emt 0:00:06]} 12. Qa3 {[%emt 0:00:07]} Bf5 {[%emt 0:14:25]} 13. h3 {[%emt 0:06:36]} Rc8 {[%emt 0:05:14]} 14. Nd2 {[%emt 0:02:41]} Ne4 {[%emt 0:02:28]} 15. Ndxe4 {[%emt 0:00:42]} Bxe4 {[%emt 0:00:04]} 16. b3 {[%emt 0:21:20]} Bf5 {[%emt 0:07:29]} 17. Be2 {[%emt 0:06:22]} f6 {[%emt 0:09:58]} 18. O-O {[%emt 0:02:49]} e5 {[%emt 0:00:19]} 19. Bg3 {[%emt 0:10:39]} exd4 {[%emt 0:00:21]} 20. exd4 {[%emt 0:00:02]} Bh6 {[%emt 0:00:14]} 21. f4 {[%emt 0:00:01]} Kh8 {[%emt 0:00:52]} 22. Bf3 {[%emt 0:03:58]} Be4 {[%emt 0:02:05]} 23. Bxe4 {[%emt 0:04:51]} dxe4 {[%emt 0:00:04]} 24. d5 {[%emt 0:01:26]} Qb6+ {[%emt 0:03:12]} 25. Kh2 {[%emt 0:01:15]} Qe3 {[%emt 0:00:13]} 26. Qxa5 {[%emt 0:00:51]} b6 {[%emt 0:00:06]} 27. Qb4 {[%emt 0:00:56]} a5 {[%emt 0:00:03]} 28. Qxe4 {[%emt 0:00:11]} Rxc3 {[%emt 0:00:56]} 29. Qxe3 {[%emt 0:00:05]} Rxe3 {[%emt 0:00:04]} 30. Rfd1 {[%emt 0:00:53]} g5 {[%emt 0:01:13]} 31. f5 {[%emt 0:03:53]} Re2 {[%emt 0:02:24]} 32. d6 {[%emt 0:01:53]} g4 {[%emt 0:00:03]} 33. Rc4 {[%emt 0:01:58]} gxh3 {[%emt 0:00:05]} 34. d7 {[%emt 0:00:59]} 1-0